000 00288nam a22001337a 4500
008 170309b xxu||||| |||| 00| 0 eng d
020 _a053400562
041 _aeng
080 _22ND
_a611
100 _a6
101 _aSHM
245 _aPLANT PHYSIOLOGY
_cSALISBURY, F.H
942 _2udc
_cBK
999 _c7314
_d7314